000 00302nam a22001337a 4500
008 170824b xxu||||| |||| 00| 0 eng d
020 _a9780618149131
041 _aeng
080 _27TH
_a51
100 _a38
101 _aMAT
245 _aCALCULUS OF A SINGLE VARIABLES
_cLARSON,R
942 _2udc
_cBK
999 _c24869
_d24869